Rukověť bezpečnosti a ochrany zdraví při práci /

Hlavní autor: Jedlička, Karel
Jazyk: Čeština
Vydáno: Praha : Práce, 1982
Vydání: 1. vyd.
Edice: Příručky Práce
Příruční knihovna ROH
Témata:
Externí odkaz: Digitalizovaný dokument
Fyzický popis: 470 s. : il. ; 20 cm
Knihy
Uloženo v:
LEADER 01316nam a22003852a 4500
001 001108158
003 CZ BrMZK
005 20110204065237.0
007 ta
008 100729s1982 xr a er|||||||||||cze d
015 |a cnb000000224 
020 |q (Brož.) :  |c Kčs 30,00 
035 |a (OCoLC)39563195 
040 |a ABA001  |b cze  |d ABA001 
080 9 |a 331.04 
080 9 |a 613.6 
080 9 |a 614.8 
100 1 |a Jedlička, Karel  |7 jk01051418  |4 aut 
245 1 0 |a Rukověť bezpečnosti a ochrany zdraví při práci /  |c Karel Jedlička 
250 |a 1. vyd. 
260 |a Praha :  |b Práce,  |c 1982  |f (Mír 1) 
300 |a 470 s. :  |b il. ;  |c 20 cm 
490 1 |a Příručky Práce 
490 1 |a Příruční knihovna ROH 
500 |a 27000 výt. 
504 |a Obsahuje bibliografie, bibliografické odkazy a rejstřík 
500 |a Dostupné též v digitální podobě v aplikaci Kramerius 
655 7 |a předpisy  |7 fd133200  |2 czenas 
830 0 |a Příručky Práce  |0 s 
830 0 |a Příruční knihovna ROH  |0 s 
856 4 1 |u http://www.digitalniknihovna.cz/mzk/uuid/uuid:a5a238b0-9caf-11e5-84c7-005056827e52  |y Digitalizovaný dokument  |x NDK 
910 |a BOA001  |b 2-0858.651 
990 |a BK 
991 |b 201007 
996 6 |b 2619365451  |c 2-0858.651  |l MZK  |r Sklad / do 1 hodiny  |n 0  |w 001135478  |u 000010  |a 1  |e BOA001  |j MZK50  |s P